000 00691nam a22002657a 4500
001 088
003 DO-SdBNP
005 20180202114053.0
007 088
008 151005b1962 sp 00| 0 spa d
020 _a8470021354
040 _aBPMSU
_bspa
_cBPMSU
092 _aXXXX
_bXXXX
100 1 _aJames, Henry
245 1 4 _aLos papeles de Aspern /
_cHenry James ; traducción José Ma. Roca
260 _aBarcelona :
_bLitografía Rosés,
_c1962.
300 _a109 p. :
_c18 cm.
490 1 _aEl observador
_v58
700 1 2 _aRoca, José Ma.
_etrad.
830 0 _aEl observador
_n58
910 _a202
942 _2ddc
_cBK
945 _aInventariado, 2018/ YL
956 _aYLOCKWARD
_b10
_cBPMSU
999 _c8524
_d8524